| 000 | 00385nam a22001577a 4500 | ||
|---|---|---|---|
| 003 | OSt | ||
| 005 | 20211123115257.0 | ||
| 008 | 211123b |||||||| |||| 00| 0 eng d | ||
| 020 | _a0 582 60569 5 | ||
| 040 | _cHAWASSA UNIVERSITY | ||
| 050 |
_a641/NUT _b1 |
||
| 082 |
_a641/NUT _b1 |
||
| 245 | _aNUTRITION IN EASTERN AFRICA | ||
| 260 |
_aNAIROBI _bLONGMAN _c1966 |
||
| 942 |
_2ddc _cBOOKS _n0 |
||
| 999 |
_c19751 _d19751 |
||